000 00836nam a2200265 i 4500
001 000039479
003 DO-SdBNP
005 20250319095207.0
007 ta
008 130702s1992 dr 000 0 spa d
040 _aDO-SdBNP
_bspa
_cBNPHU
_erda
041 _hspa
082 _axxx
_bD542g
_222
100 1 _aDíaz, Hugo
_eautor
_965666
245 1 0 _aGuía de impuestos y formatos de procedimientos judiciales /
_cHugo Díaz.
246 1 4 _aMateria comercial :
_bguía de impuestos y formatos de procedimientos judiciales
264 _aSanto Domingo :
_bSecretaria de Estado de Educacion,
_c1992
300 _a119 páginas. ;
_c22 cm.
336 _ardacontent
_btexto
_2txt
337 _ardamedia
_bsin mediación
_2n
338 _ardacarrier
_bvolumen
_2nc
590 _aInventariado, 2025/DG
910 _aDG
942 _2ddc
_cLBS1
999 _c58473
_d58473